000 00348nam a2200145Ia 4500
008 220216s9999 xx 000 0 und d
100 _aPhilip S
245 0 _aPodikkumil rogavum niyanthranavum
260 _bRubber
_c2018
300 _a10-Jul
650 _aDisease control
650 _aPowdery mildew
650 _aRubber Disease
942 _cBS
999 _c50236
_d50236